000
00310pam a2200133 a 4500
020
_c
041
_a
eng
082
_a
510
_b
MIN
100
_a
Minorsky, V.P.
245
_a
Problems in Higher Mathamatics
_h
Textual Documents
260
_a
Moscow:
_b
M I R Publishers ,
_c
1969.
300
_a
395p.
930
_a
16952
999
_c
93852
_d
93852